Personnages de Fiction Lorsqu'enfants par Images - Statistiques

Statistiques générales
  • Ce quiz a été pris 136 fois
  • Le résultat moyen est 15 sur 18
Statistiques - réponses
Par images Réponse % Correct
Simba
97%
Anna d'Arendelle
96%
Lucky Luke
95%
Luigi
94%
Dory
92%
Spirou
91%
Felonius Gru
90%
Picsou
88%
Chat Potté
87%
Bugs Bunny
84%
Po
78%
Rick Sanchez
76%
Anakin Skywalker
73%
Tiana
70%
Megamind
64%
Gollum
62%
Voldemort
58%
Willy Wonka
58%
Aucun quiz correspondant
Distribution des résultats
% des personnes avec chaque résultat
Percentile par nombre de réponses
Votre historique - résultats
Vous n’avez pas pris ce quiz